000 00511nam a2200181Ia 4500
008 151018s9999 xx 000 0 und d
082 _bRBASDV7078
_a891.463
100 _aपु भा भावे
245 _aगूढकथा
250 _b1
260 _bसंजय प्रकाशन पुणे
_c1969
300 _a176
600 _aपु भा भावे
630 _aगूढकथा
700 _aपु भा भावे
730 _aगूढकथा
942 _cBOOK
999 _c1009447
_d1009444